Catalog

Record Details

Catalog Search



Available copies

  • 3 of 3 copies available at LARL/NWRL Consortium.
  • 1 of 1 copy available at Lake Agassiz Regional Library. (Show preferred library)

Current holds

0 current holds with 3 total copies.

Show Only Available Copies
Location Call Number / Copy Notes Barcode Shelving Location Status Due Date
Moorhead Public Library LIN (Text) 33500011561578 Main Available -
Godel Memorial-Warren Library LIN (Text) 35500006782104 Main Available -
Roseau Public Library LIN (Text) 35500005210206 Main Available -

Record details

  • ISBN: 9780385536516
  • ISBN: 0385536518
  • ISBN: 9781409109167
  • Physical Description: 352 pages ; 25 cm
  • Edition: First edition.
  • Publisher: New York : Doubleday, 2013.

Content descriptions

Summary, etc.:
Hollywood gets more than it bargained for when ... Read More
Subject: Morgan, Dexter (Fictitious character) > Fiction.
Forensic scientists > Fiction.
Miami (Fla.) > Fiction.
Genre: Psychological fiction.
Suspense fiction.
Black humor (Literature).
LDR 01938cam a22004818i 4500
001152695
003LARL_NWRL_CONSORTIUM
00520240426200707.0
008130425s2013 nyu 000 1 eng
010 . ‡a2013016175
020 . ‡a9780385536516
020 . ‡a0385536518
020 . ‡a9781409109167
035 . ‡a(OCoLC)841212646
040 . ‡aDLC ‡beng ‡erda ‡cDLC ‡dOCLCO ‡dUPZ ‡dSINLB ‡dABG ‡dYDXCP ‡dOJ4
042 . ‡apcc
043 . ‡an-us-fl
08200. ‡a813/.54 ‡223
1001 . ‡aLindsay, Jeffry P. ‡0(LARL_NWRL_CONSORTIUM)139362
24510. ‡aDexter's final cut : ‡n#7/ ‡cJeff Lindsay.
250 . ‡aFirst edition.
260 . ‡aNew York : ‡bDoubleday, ‡c2013.
300 . ‡a352 pages ; ‡c25 cm
336 . ‡atext ‡2rdacontent
337 . ‡aunmediated ‡2rdamedia
338 . ‡avolume ‡2rdacarrier
4900 . ‡aDexter Morgan; ‡v7
520 . ‡aHollywood gets more than it bargained for when television's hottest star arrives at the Miami Police Department and develops an intense, professional interest in a camera-shy blood spatter analyst named Dexter Morgan.
650 0. ‡aMorgan, Dexter (Fictitious character) ‡vFiction.
650 0. ‡aForensic scientists ‡vFiction. ‡0(LARL_NWRL_CONSORTIUM)165016
651 0. ‡aMiami (Fla.) ‡vFiction. ‡0(LARL_NWRL_CONSORTIUM)166033
655 0. ‡aPsychological fiction.
655 7. ‡aSuspense fiction. ‡2gsafd
655 7. ‡aBlack humor (Literature). ‡2gsafd
901 . ‡a152695 ‡bOCLC ‡c152695 ‡tbiblio

Additional Resources